000
00287nam a22001337a 4500
003
SGT
082
_a
635.9
_b
LAU
100
_a
LAURIE ALEX
245
_a
FLORICULTURE FUNDAMENTALS & PRACTICES
260
_a
LONDON
_b
MCGROW HILL
_c
1942
300
_a
496
650
_a
AG
942
_2
ddc
_c
RARE
999
_c
33755
_d
33755